| 000 | 00366nam a2200133Ia 4500 | ||
|---|---|---|---|
| 008 | 230917s9999||||xx |||||||||||||| ||und|| | ||
| 040 |
_e156850 _aMAIN |
||
| 041 | _aEnglish | ||
| 082 | _a570 Y21E | ||
| 100 | _aYadav, Ritu | ||
| 245 | 0 | _aEvaluation of mental retradation cases in Haryana by cytogenetic and morphogenetic analysis | |
| 300 | _a146 p. | ||
| 942 | _cTH | ||
| 999 |
_c124869 _d124869 |
||